000 01006nam a2200205Ia 4500
003 OSt
005 20210421112242.0
008 210310s1987 ck ao gr 100 0 spa d
040 _aCO-JMCR
_cCO-JMCR
041 0 _aspa
082 0 4 _a343.052 /
_223
100 _aInstituto Colombiano de Derecho Tributario, U.Rosario-U.Andes
_914843
111 2 _aEncuentro Nacional de Derecho Tributario y Hacienda Pública
_n(1er :
_dBogotá :
_c1987)
_937019
245 1 0 _aMemoria :
_bprimer Encuentro Nacional de Derecho Tributario y Hacienda Pública /
_cInstituto Colombiano de Derecho Tributario
260 _aBogotá :
_bICDT,
_c1987
300 _b137 páginas :
_ailustraciones y fotografías a blanco y negro ;
_c24 cm.
505 0 _aInstalación -- Régimen fiscal para la seguridad social -- Modernas tendencias a la imposición -- La docencia del Derecho Tributario y la Hacienda Pública -- Panelistas -- Debate público
650 1 4 _aDerecho fiscal
_914845
_vCongresos, conferencias, etc.
942 _2ddc
_cBK
999 _c7580
_d7580